000 00587nam a2200229Ia 4500
008 210210b2010 xxu||||| |||| 00| 0 eng d
020 _a8121924871
041 _aeng
082 _a338.09 AHUE
100 _aAHUJA (H L)
245 _aEconomic environment of business: macroeconomic analysis
260 _aNew Delhi
_bS. Chand & Co. Ltd.
_c2010
300 _axvi-814
650 _aof
650 _amacroeconomic
650 _aenvironment
650 _aEconomic
650 _abusiness:
650 _aanalysis
690 _aEconomic Environment of Business
906 _a065780
999 _c146484
_d146484